| 000 | 00690nam a2200205Ii 4500 | ||
|---|---|---|---|
| 003 | JO-AjNU | ||
| 008 | 230605s9999||||xx |||||||||||||| ||und|| | ||
| 017 | _a1981/1696 | ||
| 040 |
_aJO-AjNU _bara _erda _cJO-AjNU |
||
| 041 | _aara | ||
| 050 | 1 | 4 | _aKRM3946.S8722.1981 |
| 100 | 3 |
_aسرور، أحمد فتحي, _eauthor _946790 |
|
| 245 | 0 | 0 | _aالوسيط في قانون العقوبات |
| 264 | 3 | 1 | _aالقاهرة : مطبعة جامعة القاهرة والكتاب الجامعى، 1981 |
| 300 | _a847ص | ||
| 336 |
_atext _btxt _2rdacontent |
||
| 337 |
_aunmediated _bn _2rdamedia |
||
| 338 |
_avolume _bnc _2rdacarrier |
||
| 650 | 4 |
_aقانون العقوبات -- مصر _946791 |
|
| 999 |
_aA20381 _c23949 _d23949 |
||